000 01029nam0a22002891 4500
001 rc\4765037
005 20130417100238.2
021 _aRU
_b[62-38627]
035 _a(NLR Aleph) 009019545
090 _a9419389
_c9419389
100 _a20130417d1962 |||y0rusy50 ca
101 0 _arus
102 _aRU
105 _aa z |||||
200 1 _aТолько море вокруг
_eДиология
_f[Ил.: С. Спицын]
210 _aМинск
_cГосиздат БССР
_d1962
215 _a784 с.
_cил.
_d22
327 1 _aСодерж.: Корабли выходят в океан; Только море вокруг
464 0 _12001#$aКорабли выходят в океан$aТолько море вокруг
606 _aМоряки в СССР (х. л.)
_2psbo
700 1 _aМиронов
_bА. Е.
_f1910-
_gАлександр Евгеньевич
702 1 _aСпицын
_bС.
_4440
801 0 _aRU
_bNLR
_gpsbo
801 1 _aRU
_bELAR
_2rusmarc
852 _aNLR
_j62-5/2778
942 _cBOOK
980 _aNB